| 000 | 00379nam a2200157Ia 4500 | ||
|---|---|---|---|
| 008 | 230917s9999||||xx |||||||||||||| ||und|| | ||
| 020 | _cRS3.95 | ||
| 040 |
_e20103 _aMAIN |
||
| 041 | _aEnglish | ||
| 082 | _a301.18 E199M | ||
| 100 | _aEtzioni, Amitai | ||
| 245 | 0 | _aModern organizations | |
| 260 |
_aNew Delhi _bPrentice Hall of India _c1965 |
||
| 300 | _a120 p. | ||
| 942 | _cBK | ||
| 999 |
_c74048 _d74048 |
||